00636nam a2200181 a 4500003000400000005001700004008004100021017004600062020001800108040001400126100004100140245011600181260002600297300002500323504002800348650003800376650004000414OSt20141125181635.0110915s2011 spc|||| |||| 000 0 cat|d aDL B. 26060-2011bBiblioteca de Catalunya a9788497883979 bcatcCDMR1 aMorató, Jordi q(Morató Bullido)10aComunicació i estratègia b: l'empresa vista a través de les ulleres de la comunicació cJordi Morató aBarcelona bUOCc2011 a211 p. bil. c24 cm aBibliografia p. 207-211 7aComunicació en l'empresa2lemac04aComunicació en les organitzacions